000 00618nam a22002177a 4500
005 20150330105839.0
008 120913s2012 nyu 001 0 eng
020 _a9780071741200
041 0 _aeng
080 _a004
100 1 _aPowell, Thomas A.,
245 1 0 _aJavaScript :
_cThomas A. Powell, Fritz Schneider.
250 _aThird edition.
260 _aUnited State of America
_bMcGraw-Hill
_c2012
300 _a954 f. ;
_c24 cm
_bme il.;
505 _aIndex: f. 919 - 954
650 0 _aKompjuterat
650 0 _aGjuha e Kompjuterit
700 1 _aSchneider, Fritz.
942 _2udc
_cBK
999 _c632
_d632